Plan de Cuentas bajo NIF, Grupo 2

Detalles Bibliográficos
Autor principal: Rincn̤ Soto, Carlos Augusto
Otros Autores: Grajales Londoǫ, Gherson, Zamorano, Ricardo, Lasso Marmolejo, Guiovanny
Formato: eBook
Lenguaje:español
Publicado: Bogot:̀ Ediciones de la U, 2017
Materias:
Acceso en línea:Acceso restringido

MARC

LEADER 00000nam a22000007a 4500
005 20181221114134.0
007 cr|||| ||||
008 181221s2017 co |||||s|||| 00||0 spa d
020 |a 978-958-762-668-1 
035 |a 22581 
040 |a vLex 
090 |c 8355  |d 8355 
100 1 |a Rincn̤ Soto, Carlos Augusto 
245 1 0 |a Plan de Cuentas bajo NIF, Grupo 2  |h [Recurso electrn̤ico] /  |c Carlos Augusto Rincn̤ Soto, Gherson Grajales Londoǫ, Ricardo Zamorano, Guiovanny Lasso Marmolejo 
256 |a Servicio en ln̕ea 
260 |a Bogot:̀  |b Ediciones de la U,  |c 2017 
300 |a 1 recurso electrn̤ico 
506 1 |a Disponible solo en los productos indicados  |d vLex Global  |d vLex Global (Academic Edition, excluding Law Schools)  |d vLex Global (U.S. Academic Edition, Law Schools)  |d vLex Global (U.S. Academic Edition, excluding Law Schools)  |d vLex Global (Academic Edition, Law Schools) 
650 0 4 |a Economa̕ y negocios  |z Colombia 
700 1 |a Grajales Londoǫ, Gherson 
700 1 |a Zamorano, Ricardo 
700 1 |a Lasso Marmolejo, Guiovanny 
740 0 |a vLex Libros (Servicio en ln̕ea) 
856 4 0 |u http://vlex.com/source/plan-cuentas-nif-grupo-2-22581  |z Acceso restringido 
942 |c BOOK 
999 0 |a Economy and business